MLP Background Characters - Statistics

General Stats
  • This quiz has been taken 68 times
  • The average score is 16 of 100
Answer Stats
Picture Answer % Correct
Sweetie Drops
91%
Derpy Hooves
85%
Lyra Heartstrings
74%
Octavia Melody
67%
Vinyl Scratch
61%
Minuette
48%
Cherry Berry
46%
Doctor Whooves
46%
Inky Rose
43%
Roseluck
43%
Silver Berry
41%
Golden Harvest
37%
Lily Valley
37%
Lemon Hearts
35%
Thunderlane
35%
Berryshine
33%
Button Mash
33%
Daisy
33%
Half Baked Apple
33%
Mane Moon
22%
Minty
22%
Screwball
22%
Twinkleshine
22%
Angel Wings
20%
Lucky Clover
20%
Amethyst Star
17%
Caramel
17%
Toola-Roola
17%
White Lightning
17%
Coconut Cream
15%
Rumble
15%
Sassaflash
15%
Truffle
15%
Blossomforth
13%
Cloudchaser
13%
Golden Delicious
13%
Noteworthy
13%
Royal Pin
13%
Stellar Eclipse
13%
Wild Fire
13%
Meadow Flower
11%
Royal Ribbon
11%
Sea Swirl
11%
Strawberry Sunrise
11%
Wensley
11%
Candy Mane
9%
Cloud Kicker
9%
Crusoe Palm
9%
Flitter
9%
Lyrica Lilac
9%
Neon Lights
9%
Peachy Pie
9%
Screwloose
9%
Shoeshine
9%
Sunny Daze
9%
Whoa Nelly
9%
Apple Bottom
7%
Apple Stars
7%
Dinky Doo
7%
Helia
7%
Jeff Letrotski
7%
Lemony Gem
7%
Moonlight Raven
7%
Rainbowshine
7%
Royal Riff
7%
Sprinkle Medley
7%
Sunny Rays
7%
Sunshower Raindrops
7%
Twilight Sky
7%
Goldengrape
4%
Jonagold
4%
Meadow Song
4%
Merry May
4%
Parasol
4%
Pina Colada
4%
Ponet
4%
Purple Wave
4%
Rainbow Blaze
4%
Red Delicious
4%
Ruby Pinch
4%
Savoir Faire
4%
Star Hunter
4%
Starry Eyes
4%
Sunshine Smiles
4%
Surprise
4%
Tornado Bolt
4%
Aura
2%
Care Package
2%
Comet Tail
2%
Felix
2%
Honey Rays
2%
Hughbert Jellius
2%
Luckette
2%
Noi
2%
Orange Swirl
2%
Rainbow Swoop
2%
Walter
2%
Mjolna
0%
Princess Erroria
0%
Rivet
0%
No matching quizzes found
Score Distribution
Percent of People with Each Score
Percentile by Number Answered
Your Score History
You have not taken this quiz